[Event "Druzynowe Mistrzostwa Polski Juniorow - II liga"]
[Site "Sypniewo k. Jastowia"]
[Date "2024-06-17"]
[Round "9.1"]
[White "Klim, Filip"]
[Black "Kusiak, Mateusz"]
[Result "1-0"]
[WhiteTitle "k"]
[BlackTitle "k"]
[WhiteElo "1914"]
[BlackElo "2120"]

1. e4 c5 2. Nf3 a6 3. c4 Nc6 4. d4 cxd4 5. Nxd4 e5 6. Nf5 d5 7. cxd5 Bxf5 8. exf5
Nd4 9. Nc3 Nf6 10. Bd3 Be7 11. O-O O-O 12. Bg5 Nxd5 13. Nxd5 Bxg5 14. Be4 Qd6
15. Qg4 h6 16. Rad1 Rfe8 17. Kh1 Rad8 18. Rd3 b5 19. h4 Bf6 20. Qh5 Nc6 21. g4
Nb4 22. Nxf6+ Qxf6 23. g5 Qb6 24. Rxd8 Rxd8 25. f6 Nd3 26. fxg7 Nxf2+ 27. Rxf2
Qxf2 28. Bh7+ Kxg7 29. Qxh6+ Kh8 30. Bf5+ Kg8 31. Qh7+ Kf8 32. Qh8+ Ke7 33. Qxe5+
Kf8 34. Qh8+ Ke7 35. Qf6+ Kf8 36. Qxd8+ Kg7 37. Qf6+ Kf8 38. Qh8+ Ke7 39. Qe5+
Kf8 40. Bh3 Qxh4 41. Kg2 Qc4 42. a3 Qc2+ 43. Kg3 Kg8 44. Bf5 Qb3+ 45. Kf2 Qd1
46. Qe3 Kf8 47. b4 Kg8 48. Bd3 Qh1 49. Qe8+ Kg7 50. Qe5+ Kg8 51. Qb8+ Kg7 52.
Qf4 Qh3 53. Qg3 Qe6 54. g6 Qa2+ 55. Ke3 Qxa3 56. Qe5+ Kf8 57. Qc5+ Kg7 58. Qc7
Qxb4 59. Qxf7+ Kh6 60. Qf4+ Qxf4+ 61. Kxf4 a5 62. Kf5 a4 63. Kf6 a3 64. Bb1 1-0

[Event "Druzynowe Mistrzostwa Polski Juniorow - II liga"]
[Site "Sypniewo k. Jastowia"]
[Date "2024-06-17"]
[Round "9.2"]
[White "Zieba, Hubert"]
[Black "Urych, Krzysztof"]
[Result "1-0"]
[WhiteTitle "I+"]
[BlackTitle "I"]
[WhiteElo "2012"]
[BlackElo "1782"]

1. d4 Nf6 2. c4 e6 3. g3 c5 4. d5 exd5 5. cxd5 d6 6. Nc3 g6 7. Nf3 Bg7 8. Bg2 O-O
9. O-O Re8 10. Bf4 Bf5 11. Nh4 Bc8 12. Qd2 Bf8 13. Rfe1 Nbd7 14. e4 a6 15. a4
Ng4 16. Nf3 Nge5 17. Nxe5 Nxe5 18. Bxe5 Rxe5 19. f4 Re8 20. e5 Bf5 21. Be4 Qd7
22. e6 fxe6 23. dxe6 Bxe6 24. Bd5 Bg7 25. Rxe6 Rxe6 26. Re1 Rae8 27. Bxe6+ Rxe6
28. Qd5 Kf7 29. f5 Bd4+ 30. Kg2 gxf5 31. Qxf5+ Bf6 32. Qxh7+ Bg7 33. Qh5+ Kg8
34. Qd5 Kf7 35. Ne4 Ke7 36. Qg5+ Ke8 37. Nxd6+ Qxd6 38. Qg6+ Kd7 39. Qxg7+ Kc6
40. Rxe6 Qxe6 41. h4 Qe4+ 42. Kh3 Qf5+ 43. Kg2 Qe4+ 44. Kf2 Qxa4 45. Qg6+ Kd7
46. Qf7+ Kd6 47. Qxb7 Qc2+ 48. Kf3 Qf5+ 49. Kg2 Qc2+ 50. Kh3 Qf5+ 51. Kh2 Qc2+
52. Qg2 Qd3 53. h5 Qf5 54. g4 Qg5 55. Qg3+ Kd5 56. Qf3+ Ke6 57. Qe4+ Kd6 58. Kg3
Qg7 59. Qg6+ Qxg6 60. hxg6 Ke7 61. Kf4 Kf6 62. Ke4 Kxg6 63. Kd5 c4 64. Kxc4 Kg5
65. Kb4 Kxg4 66. Ka5 Kf5 67. Kxa6 Ke6 68. b4 Kd7 69. b5 Kc8 70. Ka7 1-0

[Event "Druzynowe Mistrzostwa Polski Juniorow - II liga"]
[Site "Sypniewo k. Jastowia"]
[Date "2024-06-17"]
[Round "9.3"]
[White "Lesik, Sebastian"]
[Black "Futyma, Dawid"]
[Result "0-1"]
[WhiteTitle "I"]
[BlackTitle "I"]
[WhiteElo "1845"]
[BlackElo "1866"]

1. d4 Nf6 2. c4 g6 3. h4 Bg7 4. Nc3 d5 5. h5 Nxh5 6. cxd5 c6 7. e4 cxd5 8. e5 Bf8
9. Qb3 e6 10. g4 Ng7 11. Nf3 a6 12. Bh6 Nd7 13. Bd3 Qb6 14. Qxb6 Nxb6 15. a4 Bd7
16. a5 Nc8 17. Ke2 Ne7 18. b4 Ng8 19. Bxg7 Bxg7 20. b5 Ne7 21. bxa6 bxa6 22. Rhb1
f6 23. exf6 Bxf6 24. Rb6 Nc6 25. Ke3 Bd8 26. Rxa6 Rxa6 27. Bxa6 Bxa5 28. Na4 Nb4
29. Bd3 Nxd3 30. Kxd3 Ke7 31. Nc5 Bb6 32. Ne5 Bb5+ 33. Ke3 Rb8 34. Rh1 Bxc5 35.
dxc5 Kf6 36. Rxh7 Kxe5 37. f4+ Kf6 38. g5+ Kf5 39. Rf7+ Kg4 40. Rf6 Bd7 41. Kd4
Rb4+ 42. Ke5 Re4+ 43. Kd6 d4 44. Kxd7 d3 45. c6 d2 46. Rxe6 d1=Q+ 47. Rd6 Qxd6+
0-1

[Event "Druzynowe Mistrzostwa Polski Juniorow - II liga"]
[Site "Sypniewo k. Jastowia"]
[Date "2024-06-17"]
[Round "9.4"]
[White "Panasiuk, Stanislaw"]
[Black "Mroczkowski, Adam"]
[Result "0-1"]
[WhiteTitle "II"]
[BlackTitle "I"]
[WhiteElo "1445"]
[BlackElo "1714"]

1. e4 e5 2. Nf3 Nc6 3. d4 exd4 4. Nxd4 Bc5 5. Be3 Qf6 6. c3 Nge7 7. Nc2 Bxe3 8.
Nxe3 O-O 9. Bd3 Ne5 10. O-O Nxd3 11. Qxd3 d6 12. Na3 a6 13. Rad1 Be6 14. Qc2 Qg6
15. f4 f5 16. g4 fxg4 17. f5 Qg5 18. Qe2 Bf7 19. Rd3 h5 20. Qg2 Nc6 21. Nd5 Ne5
22. Rdd1 Bxd5 23. Rxd5 Rae8 24. Nc2 Qd8 25. Rfd1 Nf3+ 26. Kh1 Rxe4 27. h3 Qe7
28. f6 Rxf6 29. Rxh5 Re2 30. Qxg4 Rh2# 0-1

[Event "Druzynowe Mistrzostwa Polski Juniorow - II liga"]
[Site "Sypniewo k. Jastowia"]
[Date "2024-06-17"]
[Round "9.5"]
[White "Lysiuk, Valeryia"]
[Black "Tokarz, Izabela"]
[Result "1-0"]
[WhiteTitle "II"]
[BlackTitle "k"]
[WhiteElo "1468"]
[BlackElo "1966"]

1. d4 d5 2. g3 Nf6 3. Nf3 Bf5 4. Bg2 c6 5. b3 Ne4 6. O-O Nd7 7. Nh4 e6 8. Bb2 Bd6
9. Nd2 Qg5 10. e3 Qh6 11. c4 Ndf6 12. Nxf5 exf5 13. cxd5 Ng4 14. Nf3 cxd5 15.
Bc1 O-O 16. h3 Ngf6 17. Nd2 Nxg3 18. fxg3 Qxe3+ 19. Kh1 Qxd4 20. Rb1 g6 21. Bb2
Qe3 22. Bxf6 Qxg3 23. Nf3 Rfe8 24. Rb2 Re4 25. Qxd5 Rae8 26. Qd1 R8e6 27. Bg5
f6 28. Bc1 g5 29. Rd2 g4 30. hxg4 Rxg4 31. Rff2 Rge4 32. Rfe2 Rh4+ 33. Kg1 Bc5+
34. Kf1 Rhe4 35. Rd8+ Kg7 36. Rd7+ Kg8 37. Rd8+ Kg7 38. Rd7+ Kg8 39. Rdd2 h5 40.
Rd8+ Kg7 41. Rd7+ Kg8 42. Rdd2 h4 43. Rxe4 fxe4 44. Rd8+ Kg7 45. Rd7+ Kg6 46.
Qc2 h3 47. Bh1 Bb6 48. Rxb7 Qg4 49. Rxb6 axb6 50. Nd4 Re5 51. Qe2 Qg3 52. Bxe4+
Kf7 53. Qc4+ Kf8 54. Ba3+ Kg7 55. Qc7+ Kh6 56. Qh7+ Kg5 57. Bc1+ Qf4+ 58. Bxf4+
Kxf4 59. Kf2 Rxe4 60. Qf5# 1-0

[Event "Druzynowe Mistrzostwa Polski Juniorow - II liga"]
[Site "Sypniewo k. Jastowia"]
[Date "2024-06-17"]
[Round "9.6"]
[White "Tokarz, Gabriela"]
[Black "Jankiewicz, Lucja"]
[Result "1-0"]
[WhiteTitle "I++"]
[BlackTitle "II+"]
[WhiteElo "1911"]
[BlackElo "1451"]

1. d4 d5 2. c4 dxc4 3. e3 e5 4. Bxc4 exd4 5. exd4 Nf6 6. Nf3 Bd6 7. O-O O-O 8.
h3 h6 9. Nc3 Nbd7 10. Re1 Nb6 11. Bb3 Bf5 12. Be3 c6 13. Qc1 Re8 14. Bf4 Rxe1+
15. Nxe1 Qd7 16. Nf3 Re8 17. a4 Bxf4 18. Qxf4 Be6 19. Bc2 Nbd5 20. Qd2 Bf5 21.
Ne5 Qc8 22. Bb3 Be6 23. Bc2 Bf5 24. Nc4 Rd8 25. Bxf5 Qxf5 26. Re1 Re8 27. Rd1
Qe6 28. Ne5 Nd7 29. Nd3 N7b6 30. b3 Nxc3 31. Qxc3 Rd8 32. Nc5 Qc8 33. Qb4 Nd7
34. Nxb7 Qb8 35. Qe7 Qxb7 36. Qxd8+ Kh7 37. Rd3 Nf6 38. Qf8 g6 39. Rf3 1-0

[Event "Druzynowe Mistrzostwa Polski Juniorow - II liga"]
[Site "Sypniewo k. Jastowia"]
[Date "2024-06-17"]
[Round "9.7"]
[White "Nowak, Maciej"]
[Black "Jendrowiak, Maciej"]
[Result "1/2-1/2"]
[WhiteTitle "I"]
[BlackTitle "I"]
[WhiteElo "1791"]
[BlackElo "2049"]

1. e4 c5 2. Nf3 d6 3. c3 Nf6 4. Be2 g6 5. O-O Bg7 6. Re1 O-O 7. Bf1 Nc6 8. d4 cxd4
9. cxd4 d5 10. e5 Ne4 11. Nc3 Bf5 12. Nh4 Nxc3 13. bxc3 Be6 14. f4 Qd7 15. h3
a6 16. a4 Na5 17. g4 f5 18. exf6 exf6 19. Bd3 Bf7 20. Ba3 Rfe8 21. Qc2 Nc4 22.
Bxc4 dxc4 23. Ng2 Bd5 24. Bc5 Rxe1+ 25. Rxe1 Re8 26. Qd1 Rxe1+ 27. Qxe1 Qxa4 28.
Qe7 Bf7 29. Qxb7 h5 30. Qc8+ Kh7 31. Qb7 Kg8 32. Qc8+ Kh7 33. Qb7 Kg8 34. Qc8+
Kh7 35. Qb7 Kg8 1/2-1/2

[Event "Druzynowe Mistrzostwa Polski Juniorow - II liga"]
[Site "Sypniewo k. Jastowia"]
[Date "2024-06-17"]
[Round "9.8"]
[White "Wierzbicki, Dawid"]
[Black "Wieckowski, Igor"]
[Result "1/2-1/2"]
[WhiteTitle "I"]
[BlackTitle "I"]
[WhiteElo "1948"]
[BlackElo "1623"]

1. d4 Nf6 2. Nf3 e6 3. g3 d5 4. Bg2 Be7 5. O-O O-O 6. Nbd2 b6 7. c4 c6 8. Ne5 Bb7
9. e3 Nbd7 10. f4 c5 11. b3 cxd4 12. exd4 Qc7 13. Nxd7 Qxd7 14. Bb2 Rac8 15. Qe2
Rfd8 16. Nf3 Qc7 17. Ne5 Ba6 18. Rac1 Nd7 19. Qf3 dxc4 20. Nc6 Qxc6 21. Qxc6 Rxc6
22. Bxc6 cxb3 23. Rf2 bxa2 24. Ba1 Bd3 25. Rxa2 a5 26. Rb2 h5 27. Bxd7 Rxd7 28.
Rxb6 a4 29. Rc3 Be4 30. Bb2 a3 31. Bxa3 Bxa3 32. Rxa3 Rxd4 33. Rb2 Kh7 34. Ra7
Kg6 35. Kf2 Bd5 36. Rc2 Re4 37. Rc5 Kf6 38. Rd7 Rc4 39. Ra5 g5 40. Raa7 g4 41.
Rxf7+ Kg6 42. Rg7+ Kf5 43. Rac7 Rb4 44. Rc2 Kf6 45. Rg5 Be4 46. Re2 Bg6 47. Kg2
Ra4 48. Kf2 Ra3 49. Ke1 Rb3 50. Kd2 Ra3 51. Kc1 Ra6 52. Rb2 Ra1+ 53. Kd2 Ra3 54.
Ke2 Rc3 55. Kf2 Ra3 56. Re2 Rb3 57. Kg2 Rb6 58. Kf2 Rb3 59. Rxe6+ Kxe6 60. Rxg6+
Kf7 61. Ra6 Rb2+ 62. Ke3 Rxh2 63. Ke4 Rh3 64. Kf5 Rxg3 65. Ra7+ Ke8 66. Rh7 Rh3
67. Ke6 Re3+ 68. Kf6 Rh3 69. Ke6 Re3+ 70. Kf6 Rh3 71. Ke6 1/2-1/2

[Event "Druzynowe Mistrzostwa Polski Juniorow - II liga"]
[Site "Sypniewo k. Jastowia"]
[Date "2024-06-17"]
[Round "9.9"]
[White "Szmolke, Stanislaw"]
[Black "Oles, Mateusz"]
[Result "0-1"]
[WhiteTitle "I"]
[BlackTitle "I"]
[WhiteElo "1760"]
[BlackElo "1771"]

1. e4 c5 2. d4 cxd4 3. c3 dxc3 4. Nxc3 Nc6 5. Nf3 e6 6. Bc4 Bb4 7. O-O Nge7 8.
Bf4 Bxc3 9. bxc3 d5 10. exd5 Nxd5 11. Bxd5 Qxd5 12. Qxd5 exd5 13. Rfe1+ Be6 14.
Nd4 Nxd4 15. cxd4 Kd7 16. Rab1 b6 17. Rbc1 Rac8 18. Rxc8 Rxc8 19. Rc1 Rc4 20.
Rxc4 dxc4 21. Bd2 Kc6 22. Kf1 Kb5 23. Ke2 Ka4 24. Bc1 c3 25. Kd3 Kb4 26. Kc2 Bxa2
27. Be3 Bb3+ 28. Kc1 Bd5 29. f3 Kb3 30. h4 b5 31. h5 b4 32. h6 gxh6 33. f4 Bxg2
34. d5 Bxd5 35. Bxa7 Ka2 36. Bd4 Be4 37. f5 Bxf5 38. Bg7 h5 39. Bf6 h4 40. Kd1
Kb1 41. Bxh4 c2+ 42. Ke2 c1=Q 43. Bg5 Qxg5 44. Kf3 Qg4+ 45. Kf2 Qh3 46. Kg1 Qg3+
47. Kf1 Bd3# 0-1

[Event "Druzynowe Mistrzostwa Polski Juniorow - II liga"]
[Site "Sypniewo k. Jastowia"]
[Date "2024-06-17"]
[Round "9.10"]
[White "Seemann, Adam"]
[Black "Wasiluk, Dominik"]
[Result "1/2-1/2"]
[WhiteTitle "II"]
[BlackTitle "I"]
[WhiteElo "1596"]
[BlackElo "1709"]

1. e4 c5 2. Nf3 d6 3. d4 cxd4 4. Nxd4 Nf6 5. Nc3 a6 6. Bg5 e6 7. f4 Be7 8. Qf3
h6 9. Bxf6 Bxf6 10. O-O-O Qc7 11. Kb1 Nc6 12. Nb3 Bd7 13. g4 O-O-O 14. a3 Bxc3
15. Qxc3 g5 16. f5 Ne5 17. Qxc7+ Kxc7 18. h3 h5 19. Be2 hxg4 20. hxg4 Bc8 21.
Nd4 Kd7 22. Nf3 Nxf3 23. Bxf3 Ke7 24. Kc1 b6 25. Kd2 Bb7 26. Ke3 Ba8 27. Rxh8
Rxh8 28. Rh1 Rxh1 29. Bxh1 e5 30. Bf3 Kd7 31. Kd3 1/2-1/2

[Event "Druzynowe Mistrzostwa Polski Juniorow - II liga"]
[Site "Sypniewo k. Jastowia"]
[Date "2024-06-17"]
[Round "9.11"]
[White "Nowak, Zuzanna"]
[Black "Seemann, Pola"]
[Result "0-1"]
[WhiteTitle "I++"]
[BlackTitle "k"]
[WhiteElo "1725"]
[BlackElo "1935"]

1. e4 c6 2. d4 d5 3. exd5 cxd5 4. Bd3 Nf6 5. c3 Bg4 6. Qb3 Qc7 7. h3 Bd7 8. Nf3
Nc6 9. O-O e6 10. Re1 Bd6 11. Bg5 O-O-O 12. Nbd2 h6 13. Be3 g5 14. c4 Rdg8 15.
Rac1 g4 16. hxg4 Rxg4 17. Ne5 Bxe5 18. dxe5 Qxe5 19. Nf3 Qh5 20. Qc3 Qh3 21. Kf1
Rxg2 22. Ke2 e5 23. cxd5 Re8 24. Rh1 Nxd5 25. Qxc6+ bxc6 26. Rxh3 Bxh3 27. Rxc6+
Kb8 28. Be4 Nxe3 29. Kxe3 f5 30. Bd5 f4+ 31. Ke2 Bg4 32. Kf1 Bxf3 33. Bxf3 Rh2
34. Kg1 Rh4 35. Be4 Rg8+ 36. Kf1 Rf8 37. Ke2 f3+ 38. Ke3 Rh1 39. Bd3 h5 40. Rh6
h4 41. Bc4 h3 42. Kd2 h2 43. Kc2 e4 0-1

[Event "Druzynowe Mistrzostwa Polski Juniorow - II liga"]
[Site "Sypniewo k. Jastowia"]
[Date "2024-06-17"]
[Round "9.12"]
[White "Pierchala, Emilia"]
[Black "Pietraszewska, Julia"]
[Result "1-0"]
[WhiteTitle "II"]
[BlackTitle "II"]
[WhiteElo "1406"]
[BlackElo "1482"]

1. e4 e5 2. Nf3 Nf6 3. d4 exd4 4. Qxd4 Nc6 5. Qe3 Bb4+ 6. Bd2 d6 7. e5 Bxd2+ 8.
Nbxd2 dxe5 9. Nxe5 Nxe5 10. Qxe5+ Qe7 11. Qxe7+ Kxe7 12. O-O-O Be6 13. Kb1 Rae8
14. Bd3 Kd8 15. Rhe1 Ng4 16. Ne4 Nxh2 17. Bb5+ Ke7 18. Bxe8 Kxe8 19. f3 Ke7 20.
Rh1 Nxf3 21. gxf3 h5 22. Nc3 h4 23. Nd5+ Bxd5 24. Rxd5 h3 25. Rd2 g5 26. Rdh2
f5 27. Rxh3 Rg8 28. Rg1 Kf6 29. Rh6+ Ke5 30. Kc1 Kf4 31. Rh3 g4 32. fxg4 Rxg4
33. Rf1+ Kg5 34. Rhf3 f4 35. Kd2 c5 36. Kd3 Kf5 37. Kc4 b6 38. Kb5 Ke4 39. Ka6
c4 40. Kxa7 b5 41. Ka6 b4 42. Ka5 c3 43. bxc3 bxc3 44. Kb4 Rh4 45. Kxc3 Rg4 46.
Kb2 Rh4 47. a4 Rg4 48. a5 Rh4 49. a6 Rg4 50. a7 Kf5 51. a8=Q Kg5 52. Qd5+ Kf6
53. Rxf4+ Rxf4 54. Rxf4+ Kg6 55. Qg8+ Kh5 56. Rf7 Kh6 57. Rh7# 1-0

[Event "Druzynowe Mistrzostwa Polski Juniorow - II liga"]
[Site "Sypniewo k. Jastowia"]
[Date "2024-06-17"]
[Round "9.13"]
[White "Rekuc, Patryk"]
[Black "Mazurek, Filip"]
[Result "1-0"]
[WhiteTitle "I+"]
[BlackTitle "I"]
[WhiteElo "2076"]
[BlackElo "1879"]

1. d4 Nf6 2. c4 e6 3. Nf3 b6 4. e3 Bb7 5. Bd3 d5 6. b3 Bd6 7. O-O O-O 8. Bb2 Nbd7
9. Nbd2 Qe7 10. Ne5 Rfd8 11. Qc2 c5 12. Rfd1 Rac8 13. Nxd7 Rxd7 14. dxc5 Bxc5
15. Bxf6 Qxf6 16. Bxh7+ Kh8 17. Bd3 dxc4 18. bxc4 Rcd8 19. Nb3 Bd6 20. Bf1 Qe5
21. g3 Qh5 22. Be2 Qh3 23. e4 f5 24. Bf3 fxe4 25. Bg2 Qg4 26. h3 Qf5 27. Qe2 Be5
28. Rxd7 Rxd7 29. Re1 Bd4 30. Nxd4 Rxd4 31. Rd1 Qc5 32. Rxd4 Qxd4 33. Qh5+ Kg8
34. Qe8+ Kh7 35. Qxe6 Qd1+ 36. Kh2 Qe2 37. Qf5+ Kg8 38. Qd7 Ba6 39. Qe8+ Kh7 40.
Bxe4+ Kh6 41. Qg6# 1-0

[Event "Druzynowe Mistrzostwa Polski Juniorow - II liga"]
[Site "Sypniewo k. Jastowia"]
[Date "2024-06-17"]
[Round "9.14"]
[White "Kryston, Aleksander"]
[Black "Krol, Jan"]
[Result "0-1"]
[WhiteTitle "II+"]
[BlackTitle "I+"]
[WhiteElo "1772"]
[BlackElo "2002"]

1. d4 Nf6 2. c4 e6 3. Nc3 Bb4 4. Qc2 d5 5. a3 Bxc3+ 6. Qxc3 h6 7. Nf3 Nbd7 8. e3
O-O 9. Bd3 c5 10. O-O cxd4 11. exd4 dxc4 12. Bxc4 b6 13. Rd1 Bb7 14. b3 Rc8 15.
Qd3 Qc7 16. Bb2 Rfd8 17. Qe2 Qf4 18. Qe3 Nd5 19. Bxd5 Qxe3 20. fxe3 Bxd5 21. Rac1
Bxb3 22. Re1 Bd5 23. Nd2 Nf6 24. h3 Ne4 25. Nxe4 Bxe4 26. Rxc8 Rxc8 27. Rc1 Rxc1+
28. Bxc1 Kf8 29. Kf2 Ke7 30. Bd2 a5 31. Bc3 Kd6 32. Bb2 Kd5 33. g4 g6 34. h4 f5
35. gxf5 exf5 36. Kg3 g5 37. hxg5 hxg5 38. a4 Bc2 39. Ba3 Ke6 40. Kf3 Bxa4 41.
e4 fxe4+ 42. Kxe4 Bc6+ 43. Ke3 b5 44. Bc5 Kd5 45. Kf3 Bd7 46. Ke3 Bf5 47. Bb6
a4 48. Bc5 Kc4 49. Kd2 Be4 50. Kc1 Bd5 0-1

[Event "Druzynowe Mistrzostwa Polski Juniorow - II liga"]
[Site "Sypniewo k. Jastowia"]
[Date "2024-06-17"]
[Round "9.15"]
[White "Chomicki, Kornel"]
[Black "Etut, Filbert"]
[Result "0-1"]
[WhiteTitle "II+"]
[BlackTitle "I"]
[WhiteElo "1613"]
[BlackElo "1815"]

1. e4 c5 2. Nc3 e6 3. g3 Nc6 4. Bg2 Nf6 5. d3 Be7 6. f4 d5 7. exd5 exd5 8. Nf3
O-O 9. O-O Rb8 10. h3 b5 11. g4 b4 12. Ne2 a5 13. Ng3 Qc7 14. g5 Ne8 15. Qe1 Bd6
16. Ne2 g6 17. Nh2 Ne7 18. Ng4 Bxg4 19. hxg4 Ng7 20. Qh4 d4 21. Ng3 Ne8 22. Ne4
Nd5 23. Nf6+ Nexf6 24. gxf6 Nxf4 25. Bxf4 Bxf4 26. g5 Be3+ 27. Kh1 h5 28. gxh6
Kh7 29. Rf3 Qe5 30. Re1 Rb6 31. b3 Rd8 32. Rh3 Rxf6 33. Rf1 Rdd6 34. Rxf6 Rxf6
35. Qe1 Rf5 36. Bf3 Rg5 37. Bg2 Rh5 38. Qe2 Rxh3+ 39. Bxh3 Qg3 40. Qg2 Qe1+ 41.
Qf1 Qxf1+ 42. Bxf1 Kxh6 43. Kg2 Kg5 44. Kf3 f5 45. Bg2 Kh4 46. Bh1 Kh3 47. Bg2+
Kh2 0-1

[Event "Druzynowe Mistrzostwa Polski Juniorow - II liga"]
[Site "Sypniewo k. Jastowia"]
[Date "2024-06-17"]
[Round "9.16"]
[White "Baranowski, Jan"]
[Black "Dunda, Szymon"]
[Result "1/2-1/2"]
[WhiteTitle "II"]
[BlackTitle "II"]
[WhiteElo "1577"]
[BlackElo "1548"]

1. e4 c5 2. Nf3 d6 3. d4 cxd4 4. Nxd4 Nf6 5. Nc3 a6 6. Qe2 e5 7. Nf5 Bxf5 8. exf5
Be7 9. Bd2 Nc6 10. O-O-O d5 11. g4 d4 12. Ne4 Qd5 13. Nxf6+ Bxf6 14. f4 Qxa2 15.
c3 O-O 16. g5 Bd8 17. f6 Re8 18. fxg7 e4 19. Qc4 Qa1+ 20. Kc2 d3+ 21. Bxd3 exd3+
22. Qxd3 Qa5 23. f5 Rc8 24. Kb1 Ne5 25. Qc2 Nc4 26. h4 b5 27. g6 Nxd2+ 28. Qxd2
fxg6 29. Qd5+ Kxg7 30. Qd7+ Be7 31. f6+ Kxf6 32. Rhf1+ Kg7 33. Qd4+ Kg8 34. Qd5+
Kh8 35. Qe5+ Kg8 36. Qe6+ Kh8 37. Qe5+ Kg8 38. Qe6+ Kh8 39. Qe5+ Kg8 1/2-1/2

[Event "Druzynowe Mistrzostwa Polski Juniorow - II liga"]
[Site "Sypniewo k. Jastowia"]
[Date "2024-06-17"]
[Round "9.17"]
[White "Szczotka, Matylda"]
[Black "Zalewska, Malgorzata"]
[Result "1/2-1/2"]
[WhiteTitle "I"]
[BlackTitle "I+"]
[WhiteElo "1670"]
[BlackElo "1722"]

1. e4 c6 2. d4 d5 3. Nd2 dxe4 4. Nxe4 Nf6 5. Nxf6+ exf6 6. Be3 Bd6 7. c3 O-O 8.
Bd3 Re8 9. Ne2 Bg4 10. Qd2 Qe7 11. O-O Bh5 12. Nf4 Bg6 13. Nxg6 hxg6 14. Rfe1
Qc7 15. g3 Nd7 16. Qd1 Nf8 17. Qf3 Ne6 18. Bc4 g5 19. Kg2 Qd8 20. Rh1 g6 21. h4
Kg7 22. hxg5 fxg5 23. Rae1 a5 24. Qg4 Qd7 25. Bxe6 Qxe6 26. Qxg5 Qd5+ 27. Qxd5
cxd5 28. Rh4 Rh8 29. Reh1 Rxh4 30. Rxh4 Rc8 31. Kf3 a4 32. Bd2 b5 33. Ke3 g5 34.
Rh1 Kg6 1/2-1/2

[Event "Druzynowe Mistrzostwa Polski Juniorow - II liga"]
[Site "Sypniewo k. Jastowia"]
[Date "2024-06-17"]
[Round "9.18"]
[White "Stolarz, Anna"]
[Black "Saliuk, Maryia"]
[Result "1-0"]
[WhiteTitle "II"]
[BlackTitle "I"]
[WhiteElo "1528"]
[BlackElo "1503"]

1. e4 e5 2. Nf3 Qe7 3. d4 d6 4. Be2 h6 5. O-O Nf6 6. Re1 c6 7. h3 g5 8. dxe5 dxe5
9. Nc3 Rg8 10. Nd2 g4 11. hxg4 Nxg4 12. Nc4 Qh4 13. Bxg4 Bxg4 14. Nd6+ Bxd6 15.
Qxd6 f6 16. g3 Bf3 17. Qe6+ Kf8 18. Qxg8+ Kxg8 19. gxh4 Nd7 20. Bxh6 Kh7 21. Be3
Kg6 22. Kh2 Kh5 23. Kg3 Bg4 24. f3 Be6 25. Kf2 Nf8 26. Ne2 Kg6 27. Ng3 Kh7 28.
h5 a5 29. Nf5 b5 30. Rg1 Kh8 31. Bh6 Nd7 32. Nd6 Kh7 33. Be3 Nf8 34. b3 Bg8 35.
Nb7 a4 36. Rad1 axb3 37. axb3 Ra2 38. Rd2 Bf7 39. c3 Ra3 40. Nd8 Ra7 41. Nxf7
Rxf7 42. Rd6 c5 43. Bxc5 Kh6 44. Be3+ Kxh5 45. Rh1+ Kg6 46. Rb6 Rc7 47. Rc1 Rh7
48. Rg1+ Kf7 49. Rb7+ Ke6 50. Rxh7 Nxh7 51. Rd1 Nf8 52. Rd5 Nd7 53. Rxb5 f5 54.
exf5+ Kxf5 55. f4 Ke4 56. fxe5 Nxe5 57. Ke2 Nc4 58. Rb4 Ke5 59. Rxc4 Kd5 60. Rc5+
Kd6 61. b4 Kd7 62. b5 Kd8 63. b6 Kd7 64. b7 Ke7 65. b8=Q Kd7 66. Qb7+ Kd6 67.
Qb6+ Kd7 68. Rc7+ Kd8 69. Qb8# 1-0

[Event "Druzynowe Mistrzostwa Polski Juniorow - II liga"]
[Site "Sypniewo k. Jastowia"]
[Date "2024-06-17"]
[Round "9.19"]
[White "Matela, Krzysztof"]
[Black "Grech, Kacper"]
[Result "1/2-1/2"]
[WhiteTitle "I"]
[BlackTitle "II+"]
[WhiteElo "2024"]
[BlackElo "1822"]

1. b4 e5 2. Bb2 Bxb4 3. Bxe5 Nf6 4. e3 d5 5. Nf3 O-O 6. Be2 c5 7. O-O Nc6 8. Bg3
Re8 9. d4 c4 10. c3 Bd6 11. Qc2 Bxg3 12. hxg3 Ne4 13. Nfd2 Bf5 14. Nxe4 Bxe4 15.
Qb2 Qe7 16. Nd2 Bg6 17. Bf3 Qd7 18. Qb5 Rad8 19. a4 Bd3 20. Rfe1 f5 21. Be2 Bxe2
22. Rxe2 g5 23. f3 Qd6 24. Kf2 Rf8 25. Nf1 Rf7 26. Kg1 f4 27. gxf4 gxf4 28. e4
dxe4 29. Rxe4 Qd5 30. Nd2 Na5 31. Rae1 Qxb5 32. axb5 Rd5 33. Re5 Rf5 34. Rxd5
Rxd5 35. Re5 Rxe5 36. dxe5 Kf7 37. g3 fxg3 38. Kg2 Ke6 39. f4 Kd5 40. Kxg3 a6
41. bxa6 bxa6 42. Kg4 Nc6 43. Kf5 a5 44. Nb1 h5 45. Na3 a4 46. Nb5 h4 47. Kg4
Nxe5+ 48. Kxh4 Nd7 49. f5 Ke4 50. Kg5 Kd3 51. Kf4 a3 52. Nxa3 Kxc3 53. Ke4 Kb3
54. Nb5 Kb4 55. Nd6 Kc5 1/2-1/2

[Event "Druzynowe Mistrzostwa Polski Juniorow - II liga"]
[Site "Sypniewo k. Jastowia"]
[Date "2024-06-17"]
[Round "9.20"]
[White "Nagly, Krzysztof"]
[Black "Misiek, Stanislaw"]
[Result "1/2-1/2"]
[WhiteTitle "II+"]
[BlackTitle "I"]
[WhiteElo "1815"]
[BlackElo "1805"]

1. e4 e5 2. Nf3 Nc6 3. Bb5 a6 4. Ba4 Nf6 5. O-O b5 6. Bb3 Bc5 7. c3 d6 8. h3 Bb6
9. d4 Bb7 10. d5 Ne7 11. Re1 O-O 12. Nbd2 c6 13. dxc6 Bxc6 14. Bc2 Qc7 15. Nf1
h6 16. Be3 Bxe3 17. Rxe3 Rad8 18. Ng3 Rfe8 19. Qe1 Ng6 20. Rd1 d5 21. exd5 Nxd5
22. Red3 Ngf4 23. R3d2 g6 24. Ne4 f5 25. Nc5 Qb6 26. b4 e4 27. Nd4 e3 28. fxe3
Nxe3 29. Nxc6 Qxc6 30. Bb3+ Kh8 31. Qg3 Nexg2 32. Rxg2 Rxd1+ 33. Bxd1 Re1+ 34.
Kf2 Nxg2 35. Bf3 Qe8 36. Kxg2 Ra1 37. Qf2 Qe5 38. Qd2 Kg7 39. Nxa6 h5 40. Nc5
h4 41. Qd7+ Kh6 42. Qd2+ g5 43. Qf2 Qxc3 44. Na6 Qf6 45. Nc7 g4 46. hxg4 fxg4
47. Qe3+ Kh5 48. Qe8+ Kh6 49. Qe3+ Kh5 50. Qe8+ Kh6 51. Qe3+ 1/2-1/2

[Event "Druzynowe Mistrzostwa Polski Juniorow - II liga"]
[Site "Sypniewo k. Jastowia"]
[Date "2024-06-17"]
[Round "9.21"]
[White "Majcher, Igor"]
[Black "Dobrowolski, Kamil"]
[Result "1/2-1/2"]
[WhiteTitle "I"]
[BlackTitle "II+"]
[WhiteElo "2003"]
[BlackElo "1801"]

1. e4 c5 2. Nf3 d6 3. d4 cxd4 4. Nxd4 Nf6 5. Nc3 Nc6 6. Bg5 e6 7. Qd2 Be7 8. O-O-O
a6 9. f3 Nxd4 10. Qxd4 b5 11. h4 Qc7 12. h5 Qc5 13. Be3 Qxd4 14. Bxd4 h6 15. Bxf6
gxf6 16. Ne2 Bb7 17. Kb1 Rc8 18. Nf4 O-O 19. Bd3 Bd8 20. Rhe1 Bb6 21. c3 Rfd8
22. Bc2 a5 23. Bd3 Bc6 24. g4 Bc5 25. Rf1 Rb8 26. Ne2 b4 27. c4 a4 28. Rfe1 a3
29. b3 Kh8 30. Rf1 Rg8 31. Bc2 1/2-1/2

[Event "Druzynowe Mistrzostwa Polski Juniorow - II liga"]
[Site "Sypniewo k. Jastowia"]
[Date "2024-06-17"]
[Round "9.22"]
[White "Sakharchuk, Aliaksandr"]
[Black "Radziszewski, Leon"]
[Result "1-0"]
[WhiteTitle "I"]
[BlackTitle "II"]
[WhiteElo "1711"]
[BlackElo "1401"]

1. e4 e5 2. Nc3 Nf6 3. Bc4 Nc6 4. d3 Bc5 5. f4 d5 6. Nxd5 Nxd5 7. Bxd5 Ne7 8. Bb3
exf4 9. Bxf4 Qd4 10. Qe2 Qxb2 11. Rd1 Bb4+ 12. Bd2 Bxd2+ 13. Rxd2 Nc6 14. Nf3
Bg4 15. O-O O-O 16. Qe3 Bxf3 17. gxf3 Qf6 18. Rg2 Qd4 19. Kf2 Kh8 20. Bd5 Qxe3+
21. Kxe3 f5 22. Bxc6 bxc6 23. e5 Rae8 24. f4 g6 25. Rb1 Rb8 26. Rgg1 Kg7 27. Rb3
Rb6 28. d4 Kf7 29. Rd1 Ke6 30. c4 Rd8 31. Rd2 Rdb8 32. d5+ cxd5 33. cxd5+ Kd7
34. Rc3 Rb2 35. e6+ Kd6 36. Rc6+ Ke7 37. Rxc7+ Kd6 38. Rd7+ Kc5 39. Rxb2 1-0

[Event "Druzynowe Mistrzostwa Polski Juniorow - II liga"]
[Site "Sypniewo k. Jastowia"]
[Date "2024-06-17"]
[Round "9.23"]
[White "Dura, Anna"]
[Black "Popczynska, Maja"]
[Result "1/2-1/2"]
[WhiteTitle "I"]
[BlackTitle "I+"]
[WhiteElo "1618"]
[BlackElo "1812"]

1. c4 c5 2. Nf3 Nf6 3. Nc3 d5 4. cxd5 Nxd5 5. Nxd5 Qxd5 6. g3 Nc6 7. Bg2 e5 8.
O-O Qd6 9. d3 Be7 10. Nd2 O-O 11. Ne4 Qc7 12. b3 f6 13. Bb2 b6 14. Rc1 Bb7 15.
a3 Qd7 16. Rb1 Nd4 17. Bc3 Rac8 18. e3 Nb5 19. Qc1 f5 20. Nd2 Bxg2 21. Kxg2 Qxd3
22. Bxe5 Nxa3 23. Qxa3 Qxd2 24. Rfd1 Qc2 25. Qa1 Rf7 26. Kg1 Bf8 27. b4 Qe4 28.
bxc5 Rxc5 29. Bd4 Rc2 30. Rb2 Rxb2 31. Qxb2 Rc7 32. Qb3+ Rf7 33. Ra1 Qe7 34. Qa2
h6 35. Rb1 Kh7 36. Ra1 g6 37. Rc1 Bg7 38. Bxg7 Rxg7 39. Qb3 Qf7 40. Qa4 Qd7 41.
Qb4 Rg8 42. Qb3 b5 43. Rd1 Qe8 44. Rd5 a6 45. Qa3 Qc8 46. Rd6 Rd8 47. Rxd8 Qxd8
48. Qxa6 Qd1+ 49. Kg2 Qd5+ 50. Kg1 h5 51. Qa7+ Kh6 52. Qb8 Kg7 53. Qa7+ Qf7 54.
Qd4+ Kh7 55. h4 Qb7 56. Qb4 Kg7 57. Qd4+ Kf7 58. Qh8 Qc6 59. Qh7+ Kf6 60. Qh8+
Ke7 61. Qg7+ Kd8 62. Qd4+ Kc7 63. Qe5+ Kb6 64. Qd4+ Ka6 65. Qa1+ Kb6 1/2-1/2